=LDR 00000nam 2200000 4500 =001 000351 =005 20250710031738 =035 ##$$a 0010-0725000207 =007 ta =008 250710################a##########0#ind## =020 ##$$a 978-623-307323-3 =082 ##$$a 398.209 598 =084 ##$$a 398.209 598 NIL a =100 #$$a Niloufer wadia =245 1#$$a Ada apa saja di pasar ? /$c Niloufer wadia =250 ##$$a Cetakan kedua =260 ##$$a Rawamangun :$b Badan pengembangan dan pembinaan bahasa,$c 2022 =300 ##$$a 14 hlm. : $b Ilus. ; $c 29 cm =650 #4$$a Cerita anak indonesia-terjemahan =990 ##$$a TBM202400067